Countries With the Most First-Level Subdivisions - Statistics

General Stats
  • This quiz has been taken 48 times
  • The average score is 11 of 20
Answer Stats
# Country % Correct
52 (t) United States
95%
89 Russia
93%
47 (t) Japan
80%
36 India
77%
38 Indonesia
68%
76 Thailand
64%
81 Turkey
64%
58 Vietnam
61%
58 Algeria
55%
37 Nigeria
55%
212 Slovenia
55%
136 Uganda
52%
34 Afghanistan
50%
47 Kenya
50%
80 North Macedonia
41%
41 Romania
39%
70 Azerbaijan
27%
64 Iceland
27%
43 Latvia
23%
37 Moldova
7%
No matching quizzes found
Score Distribution
Percent of People with Each Score
Percentile by Number Answered
Your Score History
You have not taken this quiz